LEADER 00954nam a2200241 i 4500 001 000000233499 003 CaOOAMICUS 005 20140922000000.0 008 140922s1966 gw u000 u mul u 013 $a212402 040 $aSeMil$bita 240 10$a[Schriften 1522].$0(OLS)http://semarc/title/333192 245 10$a10. Band :$bzweite abteilung. 300 $aVI, 516 p. 500 $aRistampa anastatica dell'ed. del 1907. 700 1 $aLuther, Martin$b<1483-1545>.$0(OLS)http://semarc/name/305 773 0 $aLuther, Martin <1483-1545>$tD. Martin Luthers Werke.$dGraz : Akademische Druck- u. Verlagsanstalt, 1883 (Unveränderter Abdruck 1966)$z3-7400-0036-8$w()11037 773 0 $tSchriften.$g10$w()30567 850 $aSeMil 852 $aSeMil$W1$xVenegono$y1$m2K VI 89$j183845$B183845$CSeMilBibl$Z2$F194582 $8I 900 1 $aMartin Lutero. 996 $6245$a10. Band :$bzweite abteilung$9(OLS)http://semarc/title/333191 LEADER 00437naa a2200133 i 4500 001 000000304269 003 CaOOAMICUS 005 20180831172816.0 008 180831n xx u000 u und u 013 $a12086 040 $aSeMil$bita 100 1 $aBianchi, Enzo,$d<1943- >.$0(OLS)http://semarc/name/367 245 12$aL'abba del deserto e il padre della koinonia. 996 $6245$aL'abba del deserto e il padre della koinonia$9(OLS)http://semarc/title/378478 LEADER 00401nab a2200133 i 4500 001 000000311714 003 CaOOAMICUS 005 20180831173038.0 008 180831n xx uu u0 0und r 013 $a20804 040 $aSeMil$bita 245 12$aL?incidente Herzog - Dupin - Turmel. 773 0 $t[Gennaio-Giugno].$g696$w()274182 996 $6245$aL?incidente Herzog - Dupin - Turmel$9(OLS)http://semarc/title/386270